000 00769cam a2200241 a 4500
001 13311452
005 20180306062937.0
008 030813s2004 mau b 001 0 eng
010 _a 2003060354
020 _a1405106956 (alk. paper)
020 _a1405106964 (pb : alk. paper)
040 _aDLC
_cDLC
_dDLC
041 _aeng
080 _a801 jul
082 0 0 _a801 jul
_222
100 _a23
101 _agju
245 0 0 _aLiterary theory :
_cedited by Julie Rivkin and Michael Ryan.
504 _aIncludes bibliographical references and index.
906 _a7
_bcbc
_corignew
_d1
_eocip
_f20
_gy-gencatlg
942 _2ddc
_cBK
999 _c44161
_d44161